|
|
|
|
| LEADER |
00000nas a2200000 a 4500 |
| 001 |
ssj0013081 |
| 003 |
WaSeSS |
| 005 |
20200512172242.0 |
| 006 |
m d |
| 007 |
cr n |
| 008 |
030124c19939999enkqr pss 0 0eng c |
| 010 |
|
|
|a 2007233944
|
| 015 |
|
|
|a GBB404507
|2 bnb
|
| 016 |
7 |
|
|a 012910626
|2 Uk
|
| 022 |
|
|
|a 1474-0575
|l 1062-7987
|y 1062-7987
|
| 035 |
|
|
|a (WaSeSS)ssj0013081
|
| 040 |
|
|
|a VRA
|b eng
|c VRA
|d OCLCQ
|d OCL
|d OCLCS
|d GUA
|d OCLCQ
|d OCLCF
|d OCLCO
|d OCLCQ
|d NLE
|d UKMGB
|d VT2
|d WaSeSS
|
| 042 |
|
|
|a pcc
|
| 043 |
|
|
|a e------
|
| 050 |
1 |
4 |
|a AS9
|
| 082 |
0 |
4 |
|a 068.4
|
| 130 |
0 |
|
|a European review (Chichester, England : Online)
|
| 245 |
1 |
0 |
|a European review
|h [electronic resource].
|
| 260 |
|
|
|a [Cambridge, England] :
|b Cambridge University Press
|
| 310 |
|
|
|a Quarterly
|
| 362 |
1 |
|
|a Print began with vol. 1, no. 1 (Jan. 1993).
|
| 506 |
|
|
|a License restrictions may limit access.
|
| 538 |
|
|
|a Mode of access: World Wide Web.
|
| 550 |
|
|
|a Journal of the Academia Europaea.
|
| 588 |
|
|
|a Description based on: Vol. 9, issue 01 (Feb. 2001); title from title screen (viewed Jan. 23, 2003).
|
| 588 |
|
|
|a Latest issue consulted: Vol. 15, issue 4 (Oct. 2007) (Cambridge journals, viewed Oct. 25, 2007).
|
| 610 |
2 |
0 |
|a Academia Europaea
|v Periodicals.
|
| 610 |
2 |
7 |
|a Academia Europaea.
|2 fast
|0 (OCoLC)fst00671691
|
| 650 |
|
0 |
|a Learned institutions and societies
|z Europe
|v Periodicals.
|
| 650 |
|
7 |
|a Learned institutions and societies.
|2 fast
|0 (OCoLC)fst00994807
|
| 651 |
|
7 |
|a Europe.
|2 fast
|0 (OCoLC)fst01245064
|
| 655 |
|
0 |
|a Electronic journals.
|
| 710 |
2 |
|
|a Academia Europaea.
|
| 776 |
0 |
8 |
|i Print version:
|t European review (Chichester, England)
|x 1062-7987
|w (DLC) 9306048824
|w (OCoLC)25744730
|
| 856 |
4 |
0 |
|z Full text available from Research Library: 02/01/2001 to 1 year ago
|u https://search.proquest.com/publication/30174
|